| 000 | 00672nam a22002297a 4500 | ||
|---|---|---|---|
| 005 | 20170124110105.0 | ||
| 010 | _aA-949945 | ||
| 020 |
_c00.00 _a8170942977 |
||
| 035 | _aA-949945 | ||
| 037 | _bCen Lib/Ret | ||
| 040 |
_aDPL _bEN |
||
| 082 |
_a954 _bCHO |
||
| 100 |
_aChopra, P.N. _98566 |
||
| 245 |
_aA nation flawed : _cby P.N.Chopra _blessons from Indian history / |
||
| 260 |
_bVision Books _aNew Delhi _c1997 |
||
| 270 |
_a24 Feroze Gandhi Road, Lajpat Nagar III _bNew Delhi _e110024 |
||
| 300 |
_a188p. _c20cm(Hb) |
||
| 500 | _aIncludes index | ||
| 650 |
_aIndian History _927925 |
||
| 650 |
_aHistory _927926 |
||
| 942 |
_2ddc _cEN _h954 _mCHO |
||
| 999 |
_c129965 _d129965 |
||